Effects of lighting system on growth performances of broiler chicken (Gallus gallus domesticus) / (Record no. 5737)
[ view plain ]
| 000 -LEADER | |
|---|---|
| fixed length control field | 02116naa a2200337Ia 4500 |
| 003 - CONTROL NUMBER IDENTIFIER | |
| control field | OSt |
| 005 - DATE AND TIME OF LATEST TRANSACTION | |
| control field | 20260413135330.0 |
| 008 - FIXED-LENGTH DATA ELEMENTS--GENERAL INFORMATION | |
| fixed length control field | 260413s2013 xx 000 0 und d |
| 040 ## - CATALOGING SOURCE | |
| Original cataloging agency | Foundation University |
| Language of cataloging | eng |
| Transcribing agency | Foundation University |
| Description conventions | rda |
| 050 ## - LIBRARY OF CONGRESS CALL NUMBER | |
| Classification number | CoA (AnSci-TH) LG 221 D35 A37 |
| Item number | A5 A38 2010 C33 |
| 099 ## - LOCAL FREE-TEXT CALL NUMBER (OCLC) | |
| Classification number | 1045 |
| 100 ## - MAIN ENTRY--PERSONAL NAME | |
| Personal name | Cacaldo, Jovelo B. |
| 9 (RLIN) | 2007 |
| Relator term | author. |
| 245 10 - TITLE STATEMENT | |
| Title | Effects of lighting system on growth performances of broiler chicken (Gallus gallus domesticus) / |
| Statement of responsibility, etc. | by Jovelo B. Cacaldo |
| 264 ## - PRODUCTION, PUBLICATION, DISTRIBUTION, MANUFACTURE, AND COPYRIGHT NOTICE | |
| Place of production, publication, distribution, manufacture | Dumaguete City |
| Name of producer, publisher, distributor, manufacturer | Foundation Uiniversity, |
| Date of production, publication, distribution, manufacture, copy right date | 2010. |
| Copyright Date | 2010. |
| 300 ## - PHYSICAL DESCRIPTION | |
| Extent | xi, 36 leaves : |
| Other physical details | ill. (some color.) ; |
| Dimensions | 28 cm |
| Materials specified | volume |
| Type of unit | resources |
| 336 ## - CONTENT TYPE | |
| Source | rdacontent |
| Content type term | text |
| Content type code | txt |
| 337 ## - MEDIA TYPE | |
| Source | rdamedia |
| Media type term | unmediated |
| Media type code | n |
| 338 ## - CARRIER TYPE | |
| Materials specified | rdacarrier |
| Carrier type term | volume |
| Carrier type code | nc |
| 500 ## - GENERAL NOTE | |
| General note | A study on the effects of different lighting systems on broiler growth performance. |
| 502 ## - DISSERTATION, THESIS NOTE | |
| Dissertation note | Undergraduate thesis (BS in Agriculture Major in Animal Science) -- Foundation University, 2010. |
| 504 ## - BIBLIOGRAPHY, ETC. NOTE | |
| Bibliography, etc. note | Includes bibliographical references appendices. |
| 520 ## - ABSTRACT, SUMMARY, ETC. | |
| Abstract, Summary, etc. | This study evaluates the effects of lighting systems on the growth performance of broiler chickens (Gallus gallus domesticus). It examines how different lighting conditions influence growth rate, feed intake, feed conversion efficiency, and overall productivity. The research aims to determine the most effective lighting system for optimizing broiler production while ensuring proper animal welfare. The findings provide valuable insights for improving poultry management practices and enhancing production efficiency. |
| 650 ## - SUBJECT ADDED ENTRY--TOPICAL TERM | |
| Topical term or geographic name entry element | Broilers (Chickens) |
| General subdivision | Growth. |
| 9 (RLIN) | 15423 |
| 650 ## - SUBJECT ADDED ENTRY--TOPICAL TERM | |
| Topical term or geographic name entry element | Poultry |
| General subdivision | Housing. |
| 9 (RLIN) | 15424 |
| 650 ## - SUBJECT ADDED ENTRY--TOPICAL TERM | |
| Topical term or geographic name entry element | Animal production. |
| 9 (RLIN) | 14407 |
| 650 ## - SUBJECT ADDED ENTRY--TOPICAL TERM | |
| Topical term or geographic name entry element | Lighting |
| General subdivision | Physiological effect. |
| 9 (RLIN) | 15431 |
| 650 ## - SUBJECT ADDED ENTRY--TOPICAL TERM | |
| Topical term or geographic name entry element | Agriculture |
| General subdivision | Animal culture. |
| 9 (RLIN) | 15432 |
| 650 ## - SUBJECT ADDED ENTRY--TOPICAL TERM | |
| Topical term or geographic name entry element | Internship programs |
| General subdivision | Philippines. |
| 9 (RLIN) | 15433 |
| 658 ## - INDEX TERM--CURRICULUM OBJECTIVE | |
| Main curriculum objective | Thesis 3 (Manuscript and Defense) : |
| Subordinate curriculum objective | Agriculture Major in Animal Science, Bachelor of Science in ; |
| Curriculum code | CSC402. |
| 942 ## - ADDED ENTRY ELEMENTS (KOHA) | |
| Source of classification or shelving scheme | Library of Congress Classification |
| Koha item type | Thesis |
| Classification part | LG 221 D35 A37 |
| Item part | A5 A38 2010 C33 |
| Call number prefix | CoA (AnSci-TH) |
| Withdrawn status | Lost status | Source of classification or shelving scheme | Damaged status | Not for loan | Home library | Current library | Shelving location | Date acquired | Source of acquisition | Total Checkouts | Full call number | Barcode | Date last seen | Price effective from | Koha item type | Accession Number |
|---|---|---|---|---|---|---|---|---|---|---|---|---|---|---|---|---|
| Library of Congress Classification | Foundation University Library | Foundation University Library | Undergraduate Thesis | 04/13/2026 | Donated | CoA (AnSci-Th) LG 221 D35 A37 A5 A38 2010 C33 | 56959 | 04/13/2026 | 04/13/2026 | Thesis | AnSci-Th-2026042 |
